000 00834cab a2200229 4500
001 WB2804-59
008 090401t1992 xxu||||| |||| 00| 0 eng d
035 _a(Sirsi) u13343
041 _aeng
245 _aAsserting title to land
260 _c1992
350 _a0
490 _aTimes
_v23 January 1992, 12(1)
520 _aIn "Marsden v Miller and others", CA 16 January 1992, it was held that a person having no documentary title to land could not assert against another such person his title to the land based on an act of possession consisting of the erection of a fence for a short time around the land.
650 _aADVERSE POSSESSION
650 _aDOCUMENTARY TITLE
650 _aTEMPORARY FENCING
650 _aTITLE TO LAND
690 _aPROPERTY LAW AND PRACTICE-CASE LAW
942 _n0
948 _c04/03/1997
999 _c8601
_d8601